Tool design (Record no. 22370)

000 -LEADER
fixed length control field 00551nam a2200217 i 4500
001 - CONTROL NUMBER
control field 22370
003 - CONTROL NUMBER IDENTIFIER
control field BD-DhUET
008 - FIXED-LENGTH DATA ELEMENTS--GENERAL INFORMATION
fixed length control field 751112s1976 vaua 001 0 eng
020 ## - INTERNATIONAL STANDARD BOOK NUMBER
International Standard Book Number 0879098406
040 ## - CATALOGING SOURCE
Original cataloging agency DLC
Transcribing agency DLC
Modifying agency BD-DhUET
082 ## - DEWEY DECIMAL CLASSIFICATION NUMBER
Classification number 621.9
Item number POL/1976
100 1# - MAIN ENTRY--PERSONAL NAME
Personal name Pollack, Herman W.
245 10 - TITLE STATEMENT
Title Tool design
250 ## - EDITION STATEMENT
Edition statement 1st ed.
260 ## - PUBLICATION, DISTRIBUTION, ETC. (IMPRINT)
Place of publication, distribution, etc. Reston
Name of publisher, distributor, etc. Reston Publishing
Date of publication, distribution, etc. 1976
300 ## - PHYSICAL DESCRIPTION
Extent xii, 544 p.
Other physical details ill.
Dimensions 24 cm.
504 ## - BIBLIOGRAPHY, ETC. NOTE
Bibliography, etc Includes bibliographies
650 #0 - SUBJECT ADDED ENTRY--TOPICAL TERM
Topical term or geographic name as entry element Metal-cutting tools
650 #0 - SUBJECT ADDED ENTRY--TOPICAL TERM
Topical term or geographic name as entry element Jigs and fixtures
942 ## - ADDED ENTRY ELEMENTS (KOHA)
Koha item type General Book
Holdings
Location (home branch) Not for loan Koha item type Date acquired Lost status Price effective from Shelving location Koha normalized classification for sorting Source of classification or shelving scheme Koha full call number Damaged status Copy number Koha date last seen Withdrawn status Piece designation (barcode) Sublocation or collection (holding branch)
Central Library, BUET General Book2015-04-26 2015-04-26Circulation section621_900000000000000_POL_1976 621.9/POL/1976 12015-04-26 67759Central Library, BUET
Central Library, BUET General Book2015-04-26 2015-04-26Circulation section621_900000000000000_POL_1976 621.9/POL/1976 22015-04-26 67758Central Library, BUET
Central Library, BUET General Book2015-04-26 2015-04-26Circulation section621_900000000000000_POL_1976 621.9/POL/1976 32015-04-26 67757Central Library, BUET
Central Library, BUET General Book2015-04-26 2015-04-26Circulation section621_900000000000000_POL_1976 621.9/POL/1976 42015-04-26 67761Central Library, BUET
Central Library, BUET General Book2015-04-26 2015-04-26Circulation section621_900000000000000_POL_1976 621.9/POL/1976 52015-04-26 67760Central Library, BUET